Doing sustainable business : AIM-DLSU case folio 2023 / Raymund B. Habaradas, John Paolo R. Rivera, Fernando Martin Y. Roxas. (Record no. 21587)

000 -LEADER
fixed length control field 00713nam a22001937a 4500
020 ## - INTERNATIONAL STANDARD BOOK NUMBER
ISBN 9789719821137
082 ## - DEWEY DECIMAL CLASSIFICATION NUMBER
Classification number 658.408
Item number H113 2023
100 ## - MAIN ENTRY--AUTHOR NAME
Personal name Habaradas, Raymund B., author.
245 ## - TITLE STATEMENT
Title Doing sustainable business : AIM-DLSU case folio 2023 / Raymund B. Habaradas, John Paolo R. Rivera, Fernando Martin Y. Roxas.
260 ## - PUBLICATION, DISTRIBUTION, ETC. (IMPRINT)
Place of publication Quezon City :
Name of publisher C & E Publishing,
Year of publication ©2023.
300 ## - PHYSICAL DESCRIPTION
Number of Pages viii, 262 pages :
Other physical details illustrations ; 23 cm.
500 ## - GENERAL NOTE
General note Includes bibliographical references.
650 ## - SUBJECT ADDED ENTRY--TOPICAL TERM
Topical Term Sustainable business practices.
650 ## - SUBJECT ADDED ENTRY--TOPICAL TERM
Topical Term Corporate social responsibility.
650 ## - SUBJECT ADDED ENTRY--TOPICAL TERM
Topical Term Business case studies.
700 ## - ADDED ENTRY--PERSONAL NAME
Personal name Rivera, John Paolo R.
700 ## - ADDED ENTRY--PERSONAL NAME
Personal name Roxas, Fernando Martin Y.
942 ## - ADDED ENTRY ELEMENTS (KOHA)
Koha item type Books
Holdings
Source of acquisition Permanent Location Date acquired Koha item type Collection code Accession Number Lost status Shelving location Withdrawn status Current Location Full call number
SchoolCagayan State University - Carig Library2026-01-06BooksApplied Sciences011304 General Collection Cagayan State University - Carig Library658.408 H113 2023

Cagayan State University University Library, Carig Campus
Tuguegarao City, Cagayan 3500 | www.csucarig.edu.ph

Powered by Koha